Le prediche volgari / (Record n. 23587)

Dettagli MARC
000 -LEADER
fixed length control field 00716nam a2200217 i 4500
003 - CONTROL NUMBER IDENTIFIER
control field IT-RoINE
005 - DATE AND TIME OF LATEST TRANSACTION
control field 20180329112055.0
008 - FIXED-LENGTH DATA ELEMENTS--GENERAL INFORMATION
fixed length control field 920630s1936 it |||||r |||||||ita|d
040 ## - CATALOGING SOURCE
Transcribing agency IT-RoINE
Modifying agency IT-RoINE
100 0# - MAIN ENTRY--PERSONAL NAME
Personal name Bernardino de Siena,
Titles and other words associated with a name Santo,
9 (RLIN) 40711
Dates associated with a name 1380-1444
245 13 - TITLE STATEMENT
Title Le prediche volgari /
Statement of responsibility, etc San Bernardino da Siena ; a cura di Piero Bargellini.
260 ## - PUBLICATION, DISTRIBUTION, ETC. (IMPRINT)
Place of publication, distribution, etc Milano ;
-- Roma :
Name of publisher, distributor, etc Rizzoli & c.,
Date of publication, distribution, etc ©1936
300 ## - PHYSICAL DESCRIPTION
Extent 1173 p., [9] h. de lám. :
Other physical details il. ;
Dimensions 19 cm.
336 ## - CONTENT TYPE
Source rdacontent
Content type term text
337 ## - MEDIA TYPE
Source rdamedia
Media type term unmediated
338 ## - CARRIER TYPE
Source rdacarrier
Carrier type term volume
490 1# - SERIES STATEMENT
Series statement Classici Rizzoli
700 1# - ADDED ENTRY--PERSONAL NAME
Personal name Bargellini, Piero,
Dates associated with a name 1897-1980
9 (RLIN) 3540
830 #0 - SERIES ADDED ENTRY--UNIFORM TITLE
Uniform title Classici Rizzoli
9 (RLIN) 46692
942 ## - ADDED ENTRY ELEMENTS (KOHA)
Item type Monografías
Dati di copia
Withdrawn status Lost status Damaged status Not for loan Home library Current library Date acquired Total Checkouts Full call number Barcode Date last seen Price effective from Koha item type
        Iglesia Nacional Española en Roma Iglesia Nacional Española en Roma 29/03/2018   NOVALÍN 448 NOV-0459 29/03/2018 29/03/2018 Monografías